000 01468nam a2200373 a 4500
001 000277
003 DO-SdBNP
005 20201029112228.0
007 0000277
008 150130s2008 dr abc 000 0 spa d
020 _a9789945112825
040 _aBPMSU
_bspa
_cBPMSU
082 _a372.634
_bI37c, 2do. 2008
100 1 _aIncháustegui, María Isabel
245 1 0 _aCaligrafía 2 :
_b[educación básica] /
_cMaría Isabel Incháustegui ; ilustración Ruddy Nuñez, José Amado Polanco.
260 _aSanto Domingo :
_bSantillana
_c2008
300 _a 80 p. :
_bil. ;
_c28 cm.
490 1 _aCoral
505 1 _tRecuerda el abecedario --
_t¿Sabías que...? --
_tDescubre el animal --
_tEncuentra su nombre --
_tAdivina, adivinador --
_tEscribo frases --
_tA contar fábulas --
_tAprendo sobre animales --
_tLos esquimales --
_tMariposa del aire --
_tTe invito --
_tPienso y escribo --
_tTe cuento un chiste --
650 _aCALIGRAFÍA
_xENSEÑANZA CORRECTIVA
650 _aCALIGRAFÍA
_xENSEÑANZA BÁSICA
650 _aCALIGRAFÍA
_xEDUCACIÓN PRIMARIA
650 _aCALIGRAFÍA
_xLIBROS DE TEXTO
650 _aEDUCACIÓN PRIMARIA
_zREPÚBLICA DOMINICANA
650 _aCALIGRAFÍA
_xESTUDIOS Y EJERCICIOS
700 1 2 _aNúñez, Ruddy
_eil.
700 1 _aPolanco, José Amado
_eil.
700 1 _aSandoval, Ramón
_eil.
830 0 _aCoral
910 _a00144
942 _2ddc
_cBK
945 _aRemanejado para la Bib. BNPHU, 2018/ YL
956 _aYLOCKWARD
_b10
999 _c9750
_d9750